| 000 | 00557cam a22001571 4500 | ||
|---|---|---|---|
| 001 | 000019889 | ||
| 005 | 20200929170158.0 | ||
| 008 | 771201s1933 nyucfh 000 0 eng | ||
| 040 |
_aDO-SdBNP _bspa _cBNPHU |
||
| 082 |
_axxx _bJ17o |
||
| 100 | 1 |
_aJacoby, Catherine Murray. _942428 |
|
| 245 | 1 | 0 |
_aOn special mission to Abyssinia, / _cCatherine Murray Jacoby. |
| 260 |
_aNew York : _bPub. priv., Printed by Argus Graphic Arts Service, _c[1933]. |
||
| 300 |
_aiii, 141 p. incl. front., plates, ports., facsims. ; _c24 cm. |
||
| 910 | _aCatalogación derivada / LC | ||
| 999 |
_c19402 _d19402 |
||